Football by Letter - P - Statistics

General Stats
  • This quiz has been taken 60 times
    11 since last reset
  • The average score is 13 of 22
Answer Stats
Hint Answer % Correct
Champions League Winner 2024/25 Paris St. Germain
100%
The only player to have won the World Cup three times Pele
90%
Serie A Player of the Season 2011/12, 2012/13 and 2013/14 Andrea Pirlo
80%
FC Barcelona captain from 2004/05 to 2013/14 Carles Puyol
80%
Champions League Winner 2003/04 FC Porto
80%
Country that won the Copa America in 1939 and 1975 Peru
80%
European Championship winner 2016 Portugal
80%
Award given to the player who scores the most beautiful goal of the year FIFA Puskás Award
70%
He was selected five times for the UEFA Team of the Year as a defender Gerard Pique
70%
Country that made its World Cup debut in 2018 Panama
70%
This is where Paris St Germain plays its home games Parc des Princes
70%
They co-hosted the European Championship with Ukraine in 2008 Poland
70%
National coach of the USA since 2024/2025 Mauricio Pochettino
60%
Golden Boy Winner 2021 Pedri
50%
Golden Boy Winner 2009 Alexandre Pato
40%
Premier League Young Player of the Season in 2023/24 Cole Palmer
40%
Golden Boy Winner 2013 Paul Pogba
40%
Award given to the top scorer in the Spanish La Liga Pichichi Trophy
40%
Ballon d'OR Winner 1991 Jean Pierre Papin
30%
Player to have won the Champions League, Europa League, World Cup and European Championship Pedro
30%
Known for his headbutt at the 2014 World Cup Pepe
30%
He has won the German DFB Cup with three different clubs Ivan Perisic
20%
No matching quizzes found
Score Distribution
Percent of People with Each Score
Percentile by Number Answered
Your Score History
You have not taken this quiz since the last reset